[Event "5th IECC Playoff Bronze"]
[Site "Antalya"]
[Date "2004.05.30"]
[Round "3"]
[White "Miroshnichenko, Evgenij"]
[Black "Aronian, Levon"]
[Result "0-1"]
[WhiteElo "2599"]
[BlackElo "2645"]
[PlyCount "66"]
[EventDate "2004.05.30"]
[Source "Roberto Alvarez"]
[SourceDate "2004.05.31"]

1. Nf3 Nf6 2. g3 e6 3. c4 a6 4. Bg2 b5 5. b3 c5 6. O-O Bb7 7. Nc3 Qb6 8. d3 Be7 9. e4 d6 10. Be3 O-O 11. b4 bxc4 12. bxc5 dxc5 13. Rb1 Qa7 14. d4 Rd8 15. Qc2 Nc6 16. dxc5 Ng4 17. Bg5 Bxg5 18. Nxg5 Nd4 19. Qa4 Bc6 20. Qa5 Ne5 21. f4 Nd7 22. Rb6 Nxb6 23. cxb6 Qe7 24. Rb1 Nb5 25. a4 Qa3 26. Nxb5 Qc5+ 27. Kh1 axb5 28. Qc3 Rxa4 29. h4 h6 30. Nh3 Qxb6 31. Qc2 Qe3 32. Rd1 Rxd1+ 33. Qxd1 Bxe4 0-1

[Event "XXIV ECC"]
[Site "Kallithea GRE"]
[Date "2008.10.19"]
[Round "3"]
[White "Volkov, Sergey1"]
[Black "Zelcic, R."]
[Result "1-0"]
[WhiteElo "2632"]
[BlackElo "2589"]
[PlyCount "73"]
[EventDate "2008.10.17"]
[Source "www.chesslib.no"]
[SourceDate "2004.05.04"]

1. Nf3 Nf6 2. c4 e6 3. g3 a6 4. Bg2 b5 5. b3 c5 6. Nc3 b4 7. Na4 Bb7 8. O-O d6 9. a3 a5 10. d4 Nbd7 11. dxc5 dxc5 12. Bf4 Be7 13. Ne5 Bxg2 14. Kxg2 Ra6 15. Qd3 Qc8 16. Nxd7 Nxd7 17. Rfd1 e5 18. Be3 Rd6 19. Qc2 Qc6+ 20. Kg1 Rxd1+ 21. Rxd1 bxa3 22. Nc3 O-O 23. Nd5 Bd6 24. Bc1 Rb8 25. Bxa3 Bf8 26. Nc3 Nf6 27. Bb2 Qe6 28. Nd5 Nxd5 29. cxd5 Qd6 30. Bc3 Rb5 31. Qa2 Qb8 32. d6 Bxd6 33. Qa4 Rb6 34. Bxa5 Rxb3 35. Rxd6 Rb1+ 36. Rd1 c4 37. Qc2 1-0

[Event "Mind Sports Games - Blitz Pair"]
[Site "Pechino CINA"]
[Date "2008.10.08"]
[Round "2"]
[White "Banikas, H."]
[Black "Socko, B."]
[Result "1-0"]
[WhiteElo "2572"]
[BlackElo "2631"]
[PlyCount "65"]
[EventDate "2008.10.08"]
[Source "www.chesslib.no"]
[SourceDate "2004.05.04"]

1. Nf3 Nf6 2. c4 e6 3. g3 a6 4. Bg2 b5 5. b3 Bb7 6. O-O Be7 7. d3 O-O 8. e4 d5 9. cxd5 exd5 10. e5 Ne8 11. d4 Nd7 12. Be3 c5 13. dxc5 Nxc5 14. Nc3 Nc7 15. Nd4 Qd7 16. Rc1 Rac8 17. f4 f6 18. Qh5 g6 19. Qh6 f5 20. Rcd1 Ne4 21. Nxe4 dxe4 22. Nxf5 Qxf5 23. Bh3 Qf7 24. Rd7 Bc6 25. Rdd1 Nd5 26. Bd4 Rfd8 27. f5 Bf8 28. Qh4 gxf5 29. Bxf5 Be7 30. Qh3 Ne3 31. e6 Qxf5 32. Rxf5 Nxf5 33. Qg4+ 1-0

[Event "Groningen"]
[Site "Groningen"]
[Date "1991.??.??"]
[Round "?"]
[White "Akopian, Vladimir"]
[Black "Romanishin, Oleg M"]
[Result "1/2-1/2"]
[WhiteElo "2590"]
[BlackElo "2600"]
[PlyCount "31"]
[EventDate "1991.12.??"]
[Source "ChessBase"]

1. Nf3 Nf6 2. c4 e6 3. g3 a6 4. Bg2 b5 5. b3 c5 6. O-O Bb7 7. Bb2 Be7 8. Nc3 bxc4 9. bxc4 Nc6 10. Rb1 Rb8 11. Na4 O-O 12. d3 Ba8 13. Bc3 Qc7 14. Qd2 d6 15. e3 h6 16. h3 1/2-1/2

[Event "III President's Cup"]
[Site "Baku AZE"]
[Date "2008.05.16"]
[Round "5"]
[White "Timman, J."]
[Black "Gelashvili, T."]
[Result "1/2-1/2"]
[WhiteElo "2565"]
[BlackElo "2622"]
[PlyCount "96"]
[EventDate "2008.05.12"]
[Source "www.chesslib.no"]
[SourceDate "2004.05.04"]

1. Nf3 Nf6 2. c4 e6 3. g3 a6 4. Bg2 b5 5. b3 c5 6. Nc3 Qb6 7. e3 Bb7 8. Qe2 Ne4 9. Nxe4 Bxe4 10. d3 Bc6 11. Bb2 d6 12. O-O Nd7 13. Nd2 Bxg2 14. Kxg2 Qb7+ 15. Kg1 Nf6 16. Bxf6 gxf6 17. Ne4 Be7 18. Qf3 O-O-O 19. Rab1 f5 20. Nd2 Qxf3 21. Nxf3 b4 22. a3 bxa3 23. Ra1 Kb7 24. Rxa3 Kb6 25. Rfa1 Ra8 26. d4 Bf6 27. Rd1 Rhd8 28. Kf1 a5 29. Ke2 d5 30. Ra4 Rac8 31. Rda1 cxd4 32. exd4 dxc4 33. bxc4 Bxd4 34. Rb1+ Kc7 35. Rxa5 Rb8 36. Rxb8 Kxb8 37. Ng5 Rf8 38. h3 h6 39. Nf3 Bf6 40. Ne5 Bxe5 41. Rxe5 Kc7 42. Ra5 Kb6 43. Rb5+ Kc6 44. g4 fxg4 45. hxg4 Ra8 46. Rh5 Ra2+ 47. Kf3 Rc2 48. Rxh6 Rc3+ 1/2-1/2

[Event "LXVI Campionato georgiano"]
[Site "Tbilisi GEO"]
[Date "2007.03.20"]
[Round "6"]
[White "Pantsulaia, L."]
[Black "Arutinian, D."]
[Result "1/2-1/2"]
[WhiteElo "2612"]
[BlackElo "2552"]
[PlyCount "78"]
[EventDate "2007.03.14"]
[Source "www.chesslib.no"]
[SourceDate "2004.05.04"]

1. Nf3 Nf6 2. c4 e6 3. g3 a6 4. Bg2 b5 5. b3 c5 6. Nc3 Qb6 7. O-O Bb7 8. Re1 d6 9. e4 Nc6 10. Bb2 Nd4 11. Nxd4 cxd4 12. Nd5 exd5 13. exd5+ Be7 14. d3 Kf8 15. a4 bxa4 16. Rxa4 Nd7 17. Bh3 Qc7 18. Bxd4 Bf6 19. Qa1 h5 20. Ra2 h4 21. Bxd7 Bxd4 22. Qxd4 Qxd7 23. Rae2 hxg3 24. fxg3 Rd8 25. Re7 Qxe7 26. Rxe7 Kxe7 27. Qxg7 Rde8 28. b4 Rh5 29. Qd4 Bc8 30. Qa7+ Kf8 31. h4 Rf5 32. Qd4 Re1+ 33. Kg2 Re2+ 34. Kg1 Rfe5 35. g4 Kg8 36. Kf1 R5e3 37. h5 Re1+ 38. Kf2 R1e2+ 39. Kf1 Re1+ 1/2-1/2

[Event "Bad Wiessee (23.10.-31.10.)"]
[Site "?"]
[Date "1999.10.28"]
[Round "6"]
[White "Lobron Eric"]
[Black "Psakhis Lev"]
[Result "1/2-1/2"]
[WhiteElo "2540"]
[BlackElo "2622"]
[PlyCount "41"]
[EventDate "1999.??.??"]
[Source "www.chesslib.no"]
[SourceDate "2004.05.04"]

1. Nf3 Nf6 2. c4 e6 3. g3 a6 4. Bg2 b5 5. d3 Bb7 6. O-O c5 7. e4 d6 8. Nbd2 Nc6 9. b3 Be7 10. Bb2 O-O 11. Qe2 Qb6 12. Rab1 Nd7 13. Qe3 b4 14. d4 cxd4 15. Nxd4 Bf6 16. Nc2 Qxe3 17. Nxe3 Bxb2 18. Rxb2 Nc5 19. Rd1 Rfd8 20. a3 a5 21. Nc2 1/2-1/2

[Event "Mondariz Balneario 83/4"]
[Site "?"]
[Date "2001.??.??"]
[Round "?"]
[White "Bruzon, L."]
[Black "Giorgadze, G."]
[Result "1/2-1/2"]
[WhiteElo "2573"]
[BlackElo "2585"]
[PlyCount "57"]
[EventDate "2001.??.??"]
[Source "Chess Informant"]
[SourceDate "2001.10.01"]

1. c4 e6 2. Nf3 Nf6 3. g3 a6 4. Bg2 b5 5. b3 c5 6. O-O Bb7 7. Bb2 Be7 8. d3 d5 9. cxd5 Bxd5 10. Nc3 Bc6 11. d4 Nbd7 12. e4 b4 13. d5 bxc3 14. dxc6 cxb2 15. cxd7+ Nxd7 16. Rb1 Bf6 17. Nd2 Bd4 18. Nc4 h5 19. Nxb2 h4 20. Nc4 hxg3 21. hxg3 Qg5 22. Qf3 Ne5 23. Nxe5 Qxe5 24. Rfd1 Rd8 25. Rd3 Rh6 26. Qe2 Rf6 27. Rf3 Rxf3 28. Qxf3 Ke7 29. Rd1 1/2-1/2

[Event "Politiken Cup"]
[Site "Copenhagen"]
[Date "1996.??.??"]
[Round "9"]
[White "Kortschnoj, Viktor"]
[Black "Tisdall, Jonathan D"]
[Result "1-0"]
[WhiteElo "2645"]
[BlackElo "2510"]
[PlyCount "51"]
[EventDate "1996.06.??"]
[Source "ChessBase"]

1. c4 e6 2. Nf3 Nf6 3. g3 a6 4. Bg2 b5 5. b3 Bb7 6. Nc3 bxc4 7. bxc4 c5 8. Rb1 Bc6 9. O-O Be7 10. Qc2 O-O 11. e4 Ra7 12. d4 cxd4 13. Nxd4 Ba8 14. Rd1 Ng4 15. Qe2 Ne5 16. f4 Nec6 17. Nb3 Bb4 18. Be3 Rb7 19. Na4 Na5 20. Nac5 Rc7 21. Nd3 Nxb3 22. axb3 Qe7 23. Qf2 f5 24. Bb6 Rcc8 25. c5 Bc3 26. Rbc1 1-0

[Event "Hans & Lenze"]
[Site "Lippstadt"]
[Date "1998.07.30"]
[Round "1"]
[White "Bischoff, Klaus"]
[Black "Giorgadze, Giorgi"]
[Result "1/2-1/2"]
[WhiteElo "2550"]
[BlackElo "2605"]
[PlyCount "39"]
[EventDate "1998.07.30"]
[Source "ChessBase"]
[SourceDate "1998.09.09"]

1. Nf3 Nf6 2. c4 e6 3. g3 a6 4. Bg2 b5 5. b3 c5 6. O-O Bb7 7. Nc3 Qb6 8. e3 Be7 9. Qe2 Ne4 10. Nxe4 Bxe4 11. Bb2 bxc4 12. Qxc4 Qb7 13. Qe2 O-O 14. d3 Bc6 15. e4 d6 16. Nd2 Nd7 17. f4 a5 18. f5 exf5 19. Rxf5 Ne5 20. Nc4 1/2-1/2

[Event "XIX Czech Open Synthesia Rapid"]
[Site "Pardubice CEC"]
[Date "2008.07.17"]
[Round "5"]
[White "Buhmann, R."]
[Black "Arutinian, D."]
[Result "1/2-1/2"]
[WhiteElo "2561"]
[BlackElo "2586"]
[PlyCount "128"]
[EventDate "2008.07.16"]
[Source "www.chesslib.no"]
[SourceDate "2004.05.04"]

1. Nf3 Nf6 2. c4 e6 3. g3 a6 4. Bg2 b5 5. b3 c5 6. e3 Bb7 7. Qe2 Qb6 8. Nc3 Bc6 9. O-O Be7 10. d4 O-O 11. Rd1 Ne4 12. Nxe4 Bxe4 13. Bb2 Qb7 14. d5 exd5 15. cxd5 d6 16. Nh4 Bxg2 17. Kxg2 g6 18. e4 Bxh4 19. gxh4 Qe7 20. a4 Nd7 21. axb5 axb5 22. Qg4 Nf6 23. Bxf6 Qxf6 24. Qg5 Qc3 25. Qg3 Qc2 26. Qf4 Rxa1 27. Rxa1 Re8 28. Re1 Qc3 29. Re3 Qe5 30. Qxe5 Rxe5 31. f4 Re8 32. Kf3 Rd8 33. Re1 Ra8 34. e5 Kf8 35. exd6 c4 36. bxc4 bxc4 37. Rc1 Ra4 38. Re1 Ra8 39. Re4 Rd8 40. Rxc4 Rxd6 41. Ke4 Ra6 42. Rc6 Ra4+ 43. Ke5 Ke7 44. Rc7+ Ke8 45. Kd6 f6 46. Rxh7 Rxf4 47. Ke6 Re4+ 48. Kxf6 Rg4 49. d6 Kd8 50. Ke6 Re4+ 51. Kd5 Re2 52. h5 gxh5 53. Rxh5 Rd2+ 54. Ke6 Re2+ 55. Kf7 Rf2+ 56. Kg7 Rg2+ 57. Kh7 Kd7 58. Rh6 Kc6 59. h4 Rg4 60. h5 Rg5 61. Kh8 Kd7 62. Kh7 Kc6 63. Rf6 Rxh5+ 64. Kg6 Rd5 1/2-1/2

[Event "President cup"]
[Site "?"]
[Date "1998.??.??"]
[Round "?"]
[White "Fominyh Alexander"]
[Black "Giorgadze Giorgi"]
[Result "1/2-1/2"]
[WhiteElo "2530"]
[BlackElo "2605"]
[PlyCount "72"]
[EventDate "1998.??.??"]
[Source "www.chesslib.no"]
[SourceDate "2004.05.04"]

1. Nf3 Nf6 2. c4 e6 3. g3 a6 4. Bg2 b5 5. b3 c5 6. O-O Bb7 7. Bb2 Be7 8. e3 Qb6 9. Qc2 O-O 10. Nc3 d6 11. d3 Nbd7 12. a4 Bc6 13. axb5 axb5 14. Rxa8 Rxa8 15. cxb5 Bb7 16. e4 d5 17. Nd2 Bd6 18. Re1 Be5 19. exd5 Bxc3 20. Qxc3 Bxd5 21. Bxd5 exd5 22. d4 Qxb5 23. dxc5 Nxc5 24. Re3 h6 25. Qd4 Ra2 26. Bc3 Rc2 27. Qb4 Qxb4 28. Bxb4 d4 29. Rf3 Ne6 30. Rd3 Ng4 31. Bd6 Rc3 32. Rxc3 dxc3 33. Nf3 Nf6 34. Kf1 c2 35. Ba3 Nc5 36. Ne1 Nxb3 1/2-1/2

[Event "Munchen"]
[Site "?"]
[Date "1988.??.??"]
[Round "?"]
[White "Ribli, Z."]
[Black "Kindermann, S."]
[Result "1/2-1/2"]
[WhiteElo "2620"]
[BlackElo "2500"]
[PlyCount "89"]
[EventDate "1988.??.??"]
[Source "ChessBase"]
[SourceDate "1988.01.01"]

1. Nf3 Nf6 2. c4 e6 3. g3 a6 4. Bg2 b5 5. b3 c5 6. Nc3 Qb6 7. O-O Bb7 8. e3 Be7 9. d4 Ne4 10. Bb2 O-O 11. dxc5 Bxc5 12. Qc2 Nxc3 13. Qxc3 f6 14. Rac1 b4 15. Qd3 Rd8 16. h4 Nc6 17. h5 Bf8 18. h6 Ne7 19. c5 Qc7 20. hxg7 Bxg7 21. Rc4 a5 22. Rg4 Rf8 23. Rc1 Rad8 24. Rh4 Ng6 25. Rh5 Rf7 26. Nh4 f5 27. Bxg7 Rxg7 28. Bxb7 Qxb7 29. Nxg6 hxg6 30. Rh6 Rc8 31. Rc4 Qd5 32. Qxd5 exd5 33. Rc2 Rc6 34. Rh4 Kf7 35. a3 bxa3 36. Ra4 Rg8 37. Rxa3 Rb8 38. Rxa5 Rxb3 39. Ra7 Ke6 40. Ra8 Rb5 41. Rg8 Kf7 42. Rd8 Ke7 43. Rg8 Kf7 44. Rd8 Ke7 45. Rg8 1/2-1/2

[Event "Lvov (zt)"]
[Site "?"]
[Date "1990.??.??"]
[Round "?"]
[White "Akopian, V."]
[Black "Eingorn, V."]
[Result "1-0"]
[WhiteElo "2550"]
[BlackElo "2570"]
[PlyCount "159"]
[EventDate "1990.??.??"]
[Source "ChessBase"]
[SourceDate "1990.01.01"]

1. Nf3 Nf6 2. c4 e6 3. g3 a6 4. Bg2 b5 5. b3 Bb7 6. O-O Be7 7. a3 O-O 8. Nc3 Ne4 9. Bb2 Nxc3 10. Bxc3 c5 11. cxb5 axb5 12. d4 Na6 13. Qd3 Qb8 14. dxc5 Nxc5 15. Qd4 Bf6 16. Qe3 Ne4 17. Bxf6 Nxf6 18. Qc5 Be4 19. Nd4 e5 20. Nf3 Re8 21. Rfc1 Qb7 22. Qb4 Rab8 23. a4 bxa4 24. Qxb7 Rxb7 25. bxa4 Ra7 26. Nd2 Bxg2 27. Kxg2 Kf8 28. Nc4 Re6 29. Rcb1 Ke7 30. Rb5 e4 31. Ne3 g6 32. g4 h6 33. h4 Ne8 34. a5 Nc7 35. Rc5 Rc6 36. Rxc6 dxc6 37. Kg3 Nd5 38. Nxd5+ cxd5 39. Kf4 Ke6 40. a6 Kd6 41. g5 h5 42. Ra3 Ke6 43. Ke3 Kf5 44. f3 exf3 45. exf3 f6 46. gxf6 Kxf6 47. f4 Kf5 48. Kf3 Kf6 49. Ra5 Ke6 50. Ke3 Kf6 51. Ra1 Kf5 52. Kf3 Ke6 53. Ra4 Kd6 54. Ke3 Kc5 55. Kd3 Kb6 56. Ra2 Kc5 57. Ra5+ Kb4 58. Ra1 Kc5 59. Ra4 Kb5 60. Ra3 Kc5 61. Ra1 Kd6 62. Kd4 Ke6 63. Kc5 Kf5 64. Kb6 Ra8 65. Kb7 Rg8 66. a7 Kxf4 67. a8=Q Rxa8 68. Rxa8 g5 69. Ra4+ Kf5 70. Kc6 gxh4 71. Kxd5 h3 72. Rh4 Kg5 73. Rxh3 h4 74. Ke4 Kg4 75. Rh1 Kg3 76. Ke3 h3 77. Rg1+ Kh2 78. Rg6 Kh1 79. Kf2 h2 80. Kg3 1-0

[Event "Vrsac"]
[Site "?"]
[Date "1987.??.??"]
[Round "?"]
[White "Cvitan, O."]
[Black "Georgiev, Kir"]
[Result "1-0"]
[WhiteElo "2510"]
[BlackElo "2605"]
[PlyCount "85"]
[EventDate "1987.??.??"]
[Source "ChessBase"]
[SourceDate "1987.07.01"]

1. Nf3 Nf6 2. c4 e6 3. g3 a6 4. Bg2 b5 5. b3 Bb7 6. Nc3 c6 7. O-O d5 8. d4 Nbd7 9. c5 b4 10. Na4 a5 11. a3 bxa3 12. Bxa3 Be7 13. Nd2 O-O 14. Re1 e5 15. e4 dxe4 16. dxe5 Nxe5 17. Nxe4 Nd3 18. Re3 Nb4 19. Bxb4 axb4 20. Nd6 Bxd6 21. Qxd6 Nd5 22. Bxd5 cxd5 23. Re7 Bc6 24. Rc7 Bxa4 25. Rxa4 Rxa4 26. bxa4 Qa8 27. c6 Qxa4 28. Rb7 Qd1+ 29. Kg2 Qe1 30. Qxb4 Qe5 31. c7 Rc8 32. Qf4 Qe6 33. Rb8 Kf8 34. Rxc8+ Qxc8 35. Qd6+ Ke8 36. Qc6+ Ke7 37. Kf1 h5 38. h4 g6 39. Ke2 f6 40. Ke3 g5 41. f3 g4 42. f4 Kf7 43. f5 1-0

[Event "Cap d'Agde"]
[Site "?"]
[Date "1994.??.??"]
[Round "?"]
[White "Beshukov, S."]
[Black "Psakhis, L."]
[Result "0-1"]
[WhiteElo "2495"]
[BlackElo "2615"]
[PlyCount "84"]
[EventDate "1994.??.??"]
[Source "ChessBase"]
[SourceDate "1994.10.01"]

1. Nf3 Nf6 2. c4 e6 3. g3 a6 4. Bg2 b5 5. Qb3 c5 6. cxb5 axb5 7. d4 Qa5+ 8. Bd2 b4 9. dxc5 Bxc5 10. Ne5 d5 11. Nd3 Nc6 12. Nxc5 Qxc5 13. Be3 Nd4 14. Bxd4 Qxd4 15. O-O Ba6 16. Re1 Nd7 17. e3 Qb6 18. Bf1 Nc5 19. Qd1 O-O 20. Qd4 e5 21. Qxd5 Rfd8 22. Qxe5 Bxf1 23. Rxf1 Nb3 24. axb3 Rxa1 25. Nd2 Rxf1+ 26. Kxf1 Qc6 27. Kg1 f6 28. Qe4 Qxe4 29. Nxe4 Rd1+ 30. Kg2 Rb1 31. Nc5 Rxb2 32. e4 Kf7 33. Kf3 g5 34. h3 h5 35. Ke3 Ke7 36. f4 Rg2 37. Kf3 Rc2 38. Nd3 Rc3 39. Ke2 Rxb3 40. fxg5 fxg5 41. g4 hxg4 42. hxg4 Rxd3 0-1

[Event "60th ch-RUS Higher League"]
[Site "Krasnoyarsk RUS"]
[Date "2007.09.11"]
[Round "8"]
[White "Maletin, P."]
[Black "Kiriakov, P."]
[Result "1/2-1/2"]
[WhiteElo "2567"]
[BlackElo "2541"]
[PlyCount "112"]
[EventDate "2007.09.03"]
[Source "www.chesslib.no"]
[SourceDate "2004.05.04"]

1. Nf3 Nf6 2. c4 e6 3. g3 a6 4. Bg2 b5 5. b3 c5 6. O-O Bb7 7. Nc3 Qa5 8. Bb2 Be7 9. d3 O-O 10. e4 d6 11. Qe1 Nc6 12. h3 Rfe8 13. e5 dxe5 14. Nxe5 Qb6 15. f4 Nd4 16. Qf2 Rad8 17. Rae1 Bf8 18. g4 g6 19. Ne2 Bxg2 20. Qxg2 Nxe2+ 21. Rxe2 Nd7 22. Qe4 Bg7 23. Nxd7 Rxd7 24. Bxg7 Kxg7 25. f5 Qd6 26. Rf3 e5 27. f6+ Kg8 28. g5 Re6 29. Rfe3 h5 30. Qf3 Rd8 31. Qg3 Rde8 32. Re4 b4 33. R2e3 a5 34. Qh2 Qb8 35. Qb2 Kh7 36. Kf2 Kg8 37. Ke2 Qa8 38. Kf2 Kh7 39. Qe2 Qb8 40. Ke1 Kg8 41. Qb2 Qa8 42. Kf2 Kh7 43. Kg1 Qb8 44. Qa1 Qc7 45. Kf2 Qb8 46. Ke2 Qa8 47. a4 Qb8 48. Qf1 Kg8 49. Kd2 Qd6 50. Kc2 Qc7 51. Qe2 Qd6 52. Kb2 Kf8 53. Ka2 Qc7 54. Qh2 Qd6 55. Qe2 Qc7 56. Rh4 Rd8 1/2-1/2

[Event "67th ch-GEO KO"]
[Site "Tbilisi GEO"]
[Date "2008.03.22"]
[Round "3.2"]
[White "Pantsulaia, L."]
[Black "Jojua, D."]
[Result "1-0"]
[WhiteElo "2629"]
[BlackElo "2463"]
[PlyCount "97"]
[EventDate "2008.03.15"]
[Source "www.chesslib.no"]
[SourceDate "2004.05.04"]

1. Nf3 Nf6 2. c4 e6 3. g3 a6 4. Bg2 b5 5. b3 c5 6. Nc3 Qb6 7. e3 Bb7 8. Qe2 Bc6 9. O-O Be7 10. Rd1 O-O 11. d4 b4 12. Na4 Bxa4 13. bxa4 d6 14. Nd2 Nc6 15. Nb3 Rac8 16. Bb2 Rfe8 17. Rac1 Na5 18. e4 Nd7 19. e5 dxe5 20. d5 Nxb3 21. axb3 exd5 22. Rxd5 Nf6 23. Rxe5 Bf8 24. Rd1 a5 25. Bf3 Rxe5 26. Qxe5 Rd8 27. Qf5 Rxd1+ 28. Bxd1 Be7 29. Bf3 Qe6 30. Qxe6 fxe6 31. Be5 Bd8 32. Bd6 Bb6 33. Bc6 Kf7 34. Kg2 Ng8 35. g4 Ne7 36. Be4 h6 37. h4 Nc8 38. Be5 Ne7 39. h5 Nc8 40. f4 Bd8 41. Kf3 Bb6 42. Bg6+ Kf8 43. Ke4 Bd8 44. f5 exf5+ 45. Kxf5 Ne7+ 46. Ke6 Nc6 47. Bd6+ Be7 48. Bxe7+ Nxe7 49. Kd6 1-0

[Event "Dortmund-B"]
[Site "Dortmund"]
[Date "1991.??.??"]
[Round "1"]
[White "Stangl, Markus"]
[Black "Romanishin, Oleg M"]
[Result "1/2-1/2"]
[WhiteElo "2480"]
[BlackElo "2610"]
[PlyCount "73"]
[EventDate "1991.03.??"]
[Source "ChessBase"]

1. Nf3 Nf6 2. c4 e6 3. g3 a6 4. Bg2 b5 5. b3 c5 6. Nc3 Qa5 7. Ne5 Ra7 8. cxb5 axb5 9. a4 Bb7 10. O-O Bxg2 11. Kxg2 d6 12. Nf3 Rb7 13. Qc2 Be7 14. Bb2 bxa4 15. bxa4 O-O 16. Nb5 d5 17. Ne5 Qa6 18. Rfb1 Nbd7 19. d3 Rc8 20. Bc3 Nxe5 21. Bxe5 Nd7 22. Bf4 e5 23. Bd2 c4 24. d4 exd4 25. Nxd4 Bf6 26. Be3 Nc5 27. Ra2 Rxb1 28. Qxb1 Ne6 29. Nxe6 Qxe6 30. a5 d4 31. Bc1 Qa6 32. Qb6 Qa8+ 33. f3 Rb8 34. Qc7 Rc8 35. Qb6 Rb8 36. Qc7 Rc8 37. Qb6 1/2-1/2

[Event "XVII Festival"]
[Site "Abu Dhabi EAU"]
[Date "2007.08.13"]
[Round "2"]
[White "Pantsulaia, L."]
[Black "Mahjoob, M."]
[Result "1-0"]
[WhiteElo "2611"]
[BlackElo "2479"]
[PlyCount "109"]
[EventDate "2007.08.12"]
[Source "www.chesslib.no"]
[SourceDate "2004.05.04"]

1. Nf3 Nf6 2. c4 e6 3. g3 a6 4. Bg2 b5 5. b3 c5 6. Nc3 Qb6 7. e3 Bb7 8. Qe2 b4 9. Na4 Qc7 10. Bb2 Be7 11. d4 d6 12. dxc5 dxc5 13. O-O Nbd7 14. Rfd1 O-O 15. Rd2 Rad8 16. Rad1 Be4 17. Ng5 Bxg2 18. Kxg2 h6 19. Nf3 Ne4 20. Rd3 f5 21. Kg1 Bf6 22. Bxf6 Ndxf6 23. Ne1 Nd6 24. Qd2 Nf7 25. Qe2 Ne4 26. f3 Nf6 27. Rxd8 Rxd8 28. Nd3 Nd7 29. e4 fxe4 30. Qxe4 Nde5 31. Qe2 Qc6 32. Ne1 Rd4 33. Rxd4 cxd4 34. f4 Nd7 35. Nd3 a5 36. Qg2 Qxg2+ 37. Kxg2 Nd8 38. Nac5 Nxc5 39. Nxc5 Kf7 40. Kf3 Ke7 41. Ke4 Kd6 42. Nd3 Nc6 43. Ne1 Kc5 44. Nf3 g6 45. g4 h5 46. h3 hxg4 47. hxg4 a4 48. Ne5 Nxe5 49. fxe5 axb3 50. axb3 g5 51. Kd3 Kb6 52. Kxd4 Kc6 53. c5 Kb5 54. c6 Kb6 55. c7 1-0

[Event "Lyon"]
[Site "Lyon"]
[Date "1988.??.??"]
[Round "?"]
[White "Murey, Jacob"]
[Black "Van der Wiel, John TH"]
[Result "1/2-1/2"]
[WhiteElo "2535"]
[BlackElo "2555"]
[PlyCount "132"]
[EventDate "1988.04.??"]
[Source "ChessBase"]

1. c4 e6 2. Nf3 Nf6 3. g3 a6 4. Bg2 b5 5. O-O Bb7 6. Qb3 Nc6 7. d3 bxc4 8. dxc4 Rb8 9. Rd1 Bc5 10. Nc3 Nd4 11. Nxd4 Bxg2 12. Qa4 Rb4 13. Qa5 Rxc4 14. Kxg2 Bxd4 15. Qxa6 Rc6 16. Qa4 Bxc3 17. Qxc6 dxc6 18. Rxd8+ Kxd8 19. bxc3 Kc8 20. Rb1 Nd5 21. Rb3 Rd8 22. a4 c5 23. a5 Kd7 24. e4 Ne7 25. Rb5 Nc6 26. Rxc5 Ra8 27. Bf4 Rxa5 28. Rxa5 Nxa5 29. Kf3 Nc4 30. Ke2 e5 31. Bc1 Kc6 32. Kd3 Kb5 33. Bg5 Nb2+ 34. Kc2 Na4 35. Be7 Nc5 36. f3 Kc4 37. g4 Nd3 38. Kd2 Nf4 39. Kc2 Ne6 40. h4 c6 41. Bd6 f6 42. Ba3 c5 43. Bc1 g5 44. h5 h6 45. Be3 Nf4 46. Kd2 Nd3 47. Bg1 Nb2 48. Kc2 Na4 49. Be3 Nb6 50. Bd2 Na8 51. Bc1 Nc7 52. Bd2 Nb5 53. Be3 Na3+ 54. Kb2 Kd3 55. Bxc5 Nc4+ 56. Kb3 Nd2+ 57. Kb4 Ke2 58. Be7 Kxf3 59. c4 Nxe4 60. c5 Nxc5 61. Kxc5 Kxg4 62. Bxf6 e4 63. Bc3 Kf3 64. Kd4 e3 65. Kd3 Kf2 66. Bd4 Kf3 1/2-1/2

[Event "Mind Sports Games - Rapid Ind"]
[Site "Pechino CINA"]
[Date "2008.10.05"]
[Round "2"]
[White "Kraai, J."]
[Black "Drozdovskij, Y."]
[Result "1/2-1/2"]
[WhiteElo "2502"]
[BlackElo "2587"]
[PlyCount "55"]
[EventDate "2008.10.05"]
[Source "www.chesslib.no"]
[SourceDate "2004.05.04"]

1. Nf3 Nf6 2. c4 e6 3. g3 a6 4. Bg2 b5 5. b3 Bb7 6. O-O c5 7. Nc3 Qa5 8. Qc2 Be7 9. d3 O-O 10. Bd2 Qb6 11. a4 b4 12. Ne4 Nxe4 13. dxe4 Nc6 14. e5 h6 15. Rad1 Rad8 16. Bc1 d5 17. exd6 Bxd6 18. Bb2 Rd7 19. Rd3 Rfd8 20. Rfd1 Qc7 21. Qd2 Bc8 22. Qe3 Bf8 23. Ne5 Rxd3 24. Rxd3 Na5 25. f4 Bb7 26. Bxb7 Nxb7 27. Nf3 Na5 28. Nd2 1/2-1/2

[Event "AUT-chT 0001"]
[Site "Austria"]
[Date "2001.01.19"]
[Round "6"]
[White "Stohl, Igor"]
[Black "Wells, Peter K"]
[Result "1/2-1/2"]
[WhiteElo "2578"]
[BlackElo "2506"]
[PlyCount "39"]
[EventDate "2000.10.??"]
[Source "ChessBase"]
[SourceDate "2001.05.06"]

1. Nf3 Nf6 2. c4 e6 3. g3 a6 4. Bg2 b5 5. b3 c5 6. Nc3 Qb6 7. e4 Nc6 8. e5 Ng4 9. O-O Bb7 10. Qe2 h5 11. h3 Nh6 12. cxb5 axb5 13. Qxb5 Qc7 14. Qe2 Nf5 15. Nb5 Qb6 16. Bb2 Ba6 17. a4 Be7 18. Rfe1 Rb8 19. Bf1 O-O 20. Qe4 1/2-1/2

[Event "Julian Borowski GM"]
[Site "Essen"]
[Date "1999.03.27"]
[Round "1"]
[White "Fridman, Daniel"]
[Black "Lobron, Eric"]
[Result "1/2-1/2"]
[WhiteElo "2529"]
[BlackElo "2553"]
[PlyCount "77"]
[EventDate "1999.03.??"]
[Source "ChessBase"]
[SourceDate "1999.08.01"]

1. Nf3 Nf6 2. c4 e6 3. g3 a6 4. Bg2 b5 5. b3 c5 6. O-O Bb7 7. Nc3 b4 8. Na4 d6 9. a3 a5 10. d4 Nbd7 11. dxc5 dxc5 12. Bf4 Be7 13. Ne5 Bxg2 14. Kxg2 Ra6 15. Qd3 g5 16. Nxd7 Nxd7 17. Bc1 Rd6 18. Qf3 O-O 19. Bb2 f5 20. axb4 axb4 21. Rad1 Nf6 22. Bxf6 Bxf6 23. e3 g4 24. Qe2 Qc7 25. Rxd6 Qxd6 26. Rd1 Qc6+ 27. Kg1 h5 28. Qd3 h4 29. gxh4 Bxh4 30. Qf1 Qf3 31. Rd2 f4 32. Qd3 Rf5 33. Qd7 fxe3 34. Qe8+ Rf8 35. Qg6+ Kh8 36. Qh6+ Kg8 37. Qg6+ Kh8 38. Qh6+ Kg8 39. Qg6+ 1/2-1/2

[Event "Kiev"]
[Site "Kiev"]
[Date "1978.??.??"]
[Round "1"]
[White "Adamski, Jan"]
[Black "Romanishin, Oleg M"]
[Result "0-1"]
[WhiteElo "2470"]
[BlackElo "2610"]
[PlyCount "91"]
[EventDate "1978.??.??"]
[Source "www.chesslib.no"]
[SourceDate "2004.05.04"]

1. c4 Nf6 2. Nf3 e6 3. g3 a6 4. Bg2 b5 5. b3 Bb7 6. O-O c5 7. Bb2 Be7 8. Nc3 bxc4 9. bxc4 Nc6 10. d3 O-O 11. Ne5 Nxe5 12. Bxb7 Rb8 13. Na4 Nxc4 14. dxc4 Rxb7 15. Rb1 d6 16. Bxf6 Rxb1 17. Qxb1 Bxf6 18. Qc2 Qc7 19. Rb1 Rb8 20. Rxb8+ Qxb8 21. Qb3 Qb4 22. e3 h5 23. h3 Kf8 24. Kf1 Ke7 25. Ke2 Kd7 26. g4 hxg4 27. hxg4 Kc6 28. e4 g5 29. f3 Bd4 30. Kd1 Bf6 31. Ke2 Bd8 32. Nc3 Ba5 33. Qa4+ Kb6 34. Qxb4+ cxb4 35. Na4+ Kc6 36. Kd3 Bd8 37. Nb2 Bf6 38. Nd1 a5 39. Kc2 a4 40. Nf2 Kc5 41. e5 Bxe5 42. Ne4+ Kxc4 43. Nxg5 b3+ 44. Kb1 d5 45. Nxf7 Bf4 46. g5 0-1

[Event "Zadar op"]
[Site "Zadar"]
[Date "2000.12.16"]
[Round "8"]
[White "Delchev, Aleksander"]
[Black "Lalic, Bogdan"]
[Result "1-0"]
[WhiteElo "2557"]
[BlackElo "2520"]
[PlyCount "109"]
[EventDate "2000.12.09"]
[Source "ChessBase"]
[SourceDate "2001.01.11"]

1. Nf3 Nf6 2. c4 e6 3. g3 a6 4. Bg2 b5 5. b3 c5 6. O-O Bb7 7. Nc3 Qa5 8. Bb2 Be7 9. e4 b4 10. e5 bxc3 11. Bxc3 Qd8 12. exf6 Bxf6 13. Qc2 Bxf3 14. Bxf3 Nc6 15. Bxc6 dxc6 16. Qe4 Rc8 17. Rad1 Bd4 18. Rfe1 a5 19. Bxd4 Qxd4 20. Qc2 O-O 21. Re4 Qd6 22. Qc3 a4 23. Qe3 axb3 24. axb3 Rfd8 25. Re5 Rb8 26. Rxc5 Rxb3 27. Rxc6 Rxe3 28. Rxd6 Rxg3+ 29. hxg3 Rxd6 30. Kf1 Kf8 31. Ke2 e5 32. d3 h5 33. Ra1 Ke7 34. Ra5 Ke6 35. f4 f6 36. Ra7 g5 37. fxg5 fxg5 38. Rh7 Kf5 39. Rxh5 e4 40. dxe4+ Kg4 41. Rh1 Kxg3 42. Ke3 g4 43. c5 Rd8 44. c6 Rc8 45. Rg1+ Kh3 46. Kf4 Rf8+ 47. Ke5 Re8+ 48. Kd5 g3 49. c7 g2 50. e5 Kh2 51. Rc1 g1=Q 52. Rxg1 Kxg1 53. e6 Kf2 54. Kd6 Kf3 55. Kd7 1-0